Handbook and directory of industry, 1993-94 (Record no. 40786)
[ view plain ]
| 000 -LEADER | |
|---|---|
| fixed length control field | 00278nam a2200109Ia 4500 |
| 082 ## - DEWEY DECIMAL CLASSIFICATION NUMBER | |
| Classification number | 66(035) |
| Item number | MUL |
| 245 #0 - TITLE STATEMENT | |
| Title | Handbook and directory of industry, 1993-94 |
| 260 ## - PUBLICATION, DISTRIBUTION, ETC. (IMPRINT) | |
| Place of publication | Bombay |
| Name of publisher | Bombay market |
| Year of publication | 1994 |
| 700 ## - ADDED ENTRY--PERSONAL NAME | |
| Personal name | K |
| 942 ## - ADDED ENTRY ELEMENTS (KOHA) | |
| Koha item type | Books |
| Withdrawn status | Lost status | Damaged status | Not for loan | Home library | Current library | Date acquired | Source of acquisition | Cost, normal purchase price | Full call number | Accession Number | Koha item type |
|---|---|---|---|---|---|---|---|---|---|---|---|
| RRII Library | RRII Library | 16/12/2021 | Auction | 600.00 | 66(035) MUL | 21081 | Books |